000 00417nam a2200181Ia 4500
001 4793
005 20260306145821.0
008 260306t2015||||xx |||||||||||||| ||spa||
041 _aESP
082 _a330.1
_bP644
100 _aPiketty, Thomas
_eAUT
245 0 _aEl capital en el siglo XXI
260 _c2015
300 _a813 páginas :
_c22 cm.
650 _aGEN
654 _aCAN
942 _cLIB
_dJUS
_fJUS
_2ddc
_n
999 _c4793
_d4793